Movies Quiz

Random Movies or Actor Quiz
Score 0/24 Timer 05:00
124 Plays Today
Movies Actor / Actress % Correct
'The Number 23' / 'Ace Ventura: Pet Detective' / 'The Truman Show' / 'Eternal Sunshine On The Spotless Mind' / 'Bruce Almighty'Jim Carrey
96%
'Trading Places' / 'Dreamgirls' / 'Daddy Day Care' / 'Doctor Doolittle' / 'Beverly Hills Cop'Eddie Murphy
95.9%
'The Proposal' / 'Speed' / 'Miss Congeniality' / 'The Blind Side' / 'The Lake House'Sandra Bullock
95.3%
'Ocean's Eleven' / 'The Perfect Storm' / 'Solaris' / 'Michael Clayton' / 'Three Kings'George Clooney
93.2%
'Notting Hill' / 'Pretty Woman' / 'Duplicity' / 'Erin Brockovich' / 'Runaway Bride'Julia Roberts
89.5%
'The Fugitive' / 'Air Force One' / 'Witness' / 'Blade Runner' / 'Indiana Jones And The Last Crusade'Harrison Ford
89.2%
'L.A. Confidential' / 'American Gangster' / 'Gladiator' / 'The Insider' / 'A Beautiful Mind'Russell Crowe
88.3%
'Driving Miss Daisy' / 'Million Dollar Baby' / 'Shawshank Redemption' / 'The Bucket List' / 'Along Came A Spider'Morgan Freeman
85.3%
'The Silence Of The Lambs' / 'Panic Room' / 'Nell' / 'Taxi Driver' / 'The Accused'Jodie Foster
83.5%
'The Reader' / 'Finding Neverland' / 'Titanic' / 'Sense And Sensibility' / 'Revolutionary Road'Kate Winslet
80%
'There's Something About Mary' / 'Night At The Museum' / 'Madagascar' / 'Meet The Parents' / 'Along Came Polly'Ben Stiller
79.8%
'Wanted' / 'Salt' / 'Gia' / 'A Mighty Heart' / 'Changeling'Angelina Jolie
79.7%
Movies Actor / Actress % Correct
'The Others' / 'The Golden Compass' / 'The Hours' / 'Moulin Rouge!' / 'Rabbit Hole'Nicole Kidman
78.2%
'X-Men' / 'Happy Feet' / 'Australia' / 'Van Helsing' / 'The Fountain'Hugh Jackman
76.9%
'Wall Street' / 'Wonder Boys' / 'A Perfect Murder' / 'Disclosure' / 'The American President'Michael Douglas
75%
'True Grit' / 'The Big Lebowski' / 'Tron: Legacy' / 'American Heart' / 'The Contender'Jeff Bridges
71.1%
'A Single Man' / 'Bridget Jones's Diary' / 'The King's Speech' / 'Pride And Prejudice' / 'Mamma Mia!'Colin Firth
71%
'Bridget Jones's Diary' / 'Miss Potter' / 'Chicago' / 'Cold Mountain' / 'Jerry Maguire'Renee Zellweger
63.3%
'Dangerous Liaisons' / '101 Dalmatians' / 'Fatal Attraction' / 'Tarzan' / 'Nine Lives'Glenn Close
62%
'Lethal Weapon' / '2012' / 'To Sleep With Anger' / 'Poor Boy's Game' / 'Missing In America'Danny Glover
57.8%
'The African Queen' / 'The Philadelphia Story' / 'Morning Glory' / 'On Golden Pond' / 'Woman Of The Year'Katharine Hepburn
51.6%
'The Madness Of King George' / 'The Queen' / 'Calendar Girls' / 'Gosford Park' / 'The Last Station'Helen Mirren
47.2%
'The Dark Knight' / 'The Book Of Eli' / 'The Fifth Element' / 'Lost In Space' / 'The Scarlet Letter'Gary Oldman
41.3%
'Year One' / 'The Next Three Days' / 'Fix' / 'Tron: Legacy' / 'Cowboys & Aliens'Olivia Wilde
19.9%
Remove Ads.
Support Sporcle.
Get the best of Sporcle when you Go Orange. This ad-free experience offers more features, more stats, and more fun while also helping to support Sporcle. Thank you for becoming a member.

You're not logged in!

Compare scores with friends on all Sporcle quizzes.
OR
Log In

Show Comments

Extras

Top Quizzes Today


Score Distribution

Your Account Isn't Verified!

In order to create a playlist on Sporcle, you need to verify the email address you used during registration. Go to your Sporcle Settings to finish the process.

Report this User

Report this user for behavior that violates our Community Guidelines.

Details: